The architect's studio companion : (Record no. 14331)

000 -LEADER
fixed length control field 01974cam a22002538i 4500
003 - CONTROL NUMBER IDENTIFIER
control field OSt
005 - DATE AND TIME OF LATEST TRANSACTION
control field 20260218172007.0
006 - FIXED-LENGTH DATA ELEMENTS--ADDITIONAL MATERIAL CHARACTERISTICS--GENERAL INFORMATION
fixed length control field m |o d |
008 - FIXED-LENGTH DATA ELEMENTS--GENERAL INFORMATION
fixed length control field 220601s2022 nju ob 001 0 eng
020 ## - INTERNATIONAL STANDARD BOOK NUMBER
Cancelled/invalid ISBN 9781119826798
Qualifying information (hardback)
042 ## - AUTHENTICATION CODE
Authentication code pcc
082 00 - DEWEY DECIMAL CLASSIFICATION NUMBER
Classification number 729
Edition number 23/eng/20220715
100 1# - MAIN ENTRY--PERSONAL NAME
Personal name Iano, Joseph,
Relator term author.
245 14 - TITLE STATEMENT
Title The architect's studio companion :
Remainder of title rules of thumb for preliminary design /
Statement of responsibility, etc Joseph Iano and Edward Allen.
250 ## - EDITION STATEMENT
Edition statement Seventh edition.
263 ## - PROJECTED PUBLICATION DATE
Projected publication date 2209
300 ## - PHYSICAL DESCRIPTION
Extent 1 online resource
504 ## - BIBLIOGRAPHY, ETC. NOTE
Bibliography, etc Includes bibliographical references and index.
520 ## - SUMMARY, ETC.
Summary, etc "The Architect's Studio Companion is a robust, user-friendly resource that keeps important information at your fingertips throughout the design process. It includes guidelines for the design of structure, environmental systems, parking, accessibility, and more. This new seventh edition has been fully updated with the latest model building codes for the U.S. and Canada. New material in this edition includes comparisons to show the embodied carbon impacts of structural system choices which is highly relevant to new design practices. The guiding principle for The Architect's Studio Companion is the presentation of simplified design guidelines for building technical systems, particularly in certain systems that have a significant influence on the form and organization of the building. Using this book, designers can incorporate the impacts of these systems while working in the fluid manner inherent to the earliest stages of building design. More than just a reference, this book is a true companion that no practicing architect or student should be without"--
650 #0 - SUBJECT ADDED ENTRY--TOPICAL TERM
Topical term or geographic name as entry element Architectural design
Form subdivision Handbooks, manuals, etc.
700 1# - ADDED ENTRY--PERSONAL NAME
Personal name Allen, Edward,
Dates associated with a name 1938-
Relator term author.
776 08 - ADDITIONAL PHYSICAL FORM ENTRY
Display text Print version:
Main entry heading Iano, Joseph.
Title Architect's studio companion
Edition Seventh edition.
Place, publisher, and date of publication Hoboken, New Jersey : Wiley, [2022]
International Standard Book Number 9781119826798
Record control number (DLC) 2022025586
942 ## - ADDED ENTRY ELEMENTS (KOHA)
Source of classification or shelving scheme
Holdings
Withdrawn status Lost status Source of classification or shelving scheme Damaged status Koha normalized classification for sorting Not for loan Permanent location Current location Shelving location Date acquired Full call number Barcode Date last seen Price effective from Koha item type
        729_000000000000000   BMS College of Architecture, Design and Planning BMS College of Architecture, Design and Planning General Stacks 2025-12-17 729 AR-UG5248 2026-02-10 2026-02-10 UG Books
Copyright © 2025, The Librarian, Library and Information Centre, BMSCA D&P, Bengaluru. All Rights Reserved
web counter

Powered by Koha